LEADER 01633nam 2200361Ia 450 001 996387334603316 005 20221107231413.0 035 $a(CKB)4940000000086489 035 $a(EEBO)2240893044 035 $a(OCoLC)47012347 035 $a(EXLCZ)994940000000086489 100 $a20010525d1650 uy 0 101 0 $aeng 135 $aurbn||||a|bb| 200 14$aThe causes of a publick fast, and humiliation$b[electronic resource] $eto be kept with all convenient diligence: by all the members of this Kirk and Kingdom of Scosland [sic]. /$fSet down by the Commissioners of the Generall Assemblie 210 $aAbderdene, $cImprinted by James Brown$dAnno 1650 215 $a12 p 300 $aIncluded: "A Letter, to the Presbyteries, from the Commissioners of the General Assemblie," signed M. Robert Dowglas, dated Sept. 12, 1650, p. 7-9. 300 $aIncluded: "A short Declaration and Warning, to all the Congregations of the Kirk of Scotland, From the Commiss. of the Generall Assemblie," signed A. Ker., dated Sept. 12, 1650, p. 10-12. 300 $aReproduction of original in: University of Glasgow Library. 330 $aeebo-0166 606 $aFasts and feasts$vEarly works to 1800 607 $aScotland$xChurch history$y17th century 607 $aGreat Britain$xHistory$yCommonwealth and Protectorate, 1649-1660 615 0$aFasts and feasts 701 $aDouglas$b Robert$f1594-1674.$01005428 701 $aKer$b A$01001307 801 0$bEAE 801 1$bEAE 906 $aBOOK 912 $a996387334603316 996 $aThe causes of a publick fast, and humiliation$92367768 997 $aUNISA